Modelovanie a riadenie vsádzkového chemického reaktora bakalárska práca CD

Salvato in:
Dettagli Bibliografici
Autore principale: Mertinyák, Ján
Natura: Software Libro
Lingua:slovacco
Pubblicazione: Bratislava STU FCHPT 2013
Accesso online:Visualizza in OPAC
Tags: Aggiungi Tag
Nessun Tag, puoi essere il primo ad aggiungerne!!

MARC

LEADER 00000nam a2200000 a 4500
005 20260127134339.0
007 co ugu
008 131031 2013 000 0 slo d
035 |a vtls010555282 
039 9 |y 201310311257  |z mschk03 
040 |a STUSCHK1  |b slo  |c STUSCHK1  |e AACR2 
100 1 |a Mertinyák, Ján 
245 1 |a Modelovanie a riadenie vsádzkového chemického reaktora  |b bakalárska práca CD  |c Ján Mertinyák 
260 |a Bratislava  |b STU FCHPT  |c 2013 
300 |a 1 optický disk 
500 |a Obhájené: 20.08.2013 
500 |a Štud. program: Automatizácia, informatizácia a manažment v chémii a potravinárstve 
500 |a Štud. odbor: Automatizácia, priemyselné inžinierstvo 
500 |a Škol. pracovisko: Ústav informatizácie, automatizácie a matematiky 
500 |a Evid. číslo: FCHPT-5416-68794 
910 |a SCHK95 
999 |c 10450  |d 10450